| 000 | 00595nam a2200205 a 4500 | ||
|---|---|---|---|
| 005 | 20240806063750.0 | ||
| 008 | 041007s19922001mx r 000 0 spa d | ||
| 020 | _a843392057X | ||
| 035 | _aUPN01000135350 | ||
| 049 | _aCG | ||
| 050 | 4 |
_aPS3553 A7.93 _bC3 |
|
| 100 | 1 |
_aCarver, Raymond, _d1938-1988 |
|
| 245 | 1 | 0 |
_aCatedral / _cRaymond Carver ; tr. de Benito Gómez Ibáñez. |
| 260 |
_aBarcelona, Esp. : _bAnagrama, _c1992 (2001 impr.). |
||
| 300 | _a205 p. | ||
| 440 | 0 | _aCompactos | |
| 534 |
_pTraducción de: _tCathedral |
||
| 650 | 4 |
_aCuentos estadounidenses _912811 |
|
| 905 | _aLibro | ||
| 999 |
_c107501 _d107501 |
||